000 00277nam a2200121Ia 4500
008 190216s9999||||xx |||||||||||||| ||und||
100 _aKumaranasan N
245 0 _aChandalabhikshuki
260 _bSarada Book Depot
_c1967
300 _a56p
650 _aKavithkal
942 _cBK
999 _c25223
_d25223